Význam motivácie a zamestnaneckých výhod v pracovnom procese diplomová práca

Gespeichert in:
Bibliographische Detailangaben
1. Verfasser: Palušová, Lucie
Körperschaft: Národohospodárska fakulta EU. Katedra sociálneho rozvoja a práce
Weitere Verfasser: Frišták, Ján
Format: Buch
Sprache:Slowakisch
Veröffentlicht: Bratislava 2009
Tags: Tag hinzufügen
Keine Tags, Fügen Sie das erste Tag hinzu!

MARC

LEADER 00000nam$a2200000$$$4500
001 0095803
005 20240318140547.7
041 0 |a slo 
044 |a SK 
245 1 0 |a Význam motivácie a zamestnaneckých výhod v pracovnom procese  |b diplomová práca  |c Lucie Palušová ; škol. Ján Frišták 
264 1 |a Bratislava  |c 2009 
300 |a 60 s. 
100 1 |a Palušová, Lucie 
700 1 |a Frišták, Ján 
710 2 |a Národohospodárska fakulta EU. Katedra sociálneho rozvoja a práce